Criteris ambientals : a introduir als plecs de prescripcions tècniques : document provisional / Grup de treball de Compra Verda i Consum Responsable, Xarxa de Ciutats i Pobles cap a la Sostenibilitat a introduir als plecs de prescripcions tècniques :
Descripción Física:
26 p. ; 29 cm
MARC
| LEADER | 00000nam a2200000Ia 4500 | ||
|---|---|---|---|
| 001 | 22786 | ||
| 008 | 160829s2006 xx 000 0 cat d | ||
| 080 | |a FU-58-9 | ||
| 110 | 2 | |a Xarxa de Ciutats i Pobles cap a la Sostenibilitat |9 53477 | |
| 245 | |a Criteris ambientals : |b a introduir als plecs de prescripcions tècniques : |b document provisional / Grup de treball de Compra Verda i Consum Responsable, Xarxa de Ciutats i Pobles cap a la Sostenibilitat | ||
| 260 | |a Barcelona : |b Diputació de Barcelona. Àrea de Medi Ambient. Secretaria Tècnica, |c 2006 | ||
| 300 | |a 26 p. ; |c 29 cm | ||
| 650 | 0 | |a Desenvolupament sostenible |9 23028 | |
| 650 | |a Compra pública |x Aspectes ambientals |9 46069 | ||
| 710 | |a Barcelona (Catalunya : Província). |b Àrea de Medi Ambient |9 52987 | ||
| 901 | |a Arxiu | ||
| 942 | |n 1 | ||
| 952 | |0 0 |1 0 |4 0 |6 FU589 |7 1 |9 52582 |a Arxiu |b Arxiu |d 2016-12-01 |l 0 |o FU-58-9 |p 22786 |r 2016-12-01 00:00:00 |w 2016-12-01 |y ARXIU | ||
| 999 | |c 56431 |d 56431 | ||